| 000 | 01315nam a22003371a 4500 | ||
|---|---|---|---|
| 001 | 1924 | ||
| 003 | Uk | ||
| 005 | 20240122090626.0 | ||
| 020 | _a9781406335842 (pbk.) : | ||
| 020 | _a1406335843 (pbk.) : | ||
| 020 | _a9780763648596 | ||
| 040 |
_aStDuBDS _beng _cStDuBDS _dUk _dFISKH |
||
| 082 | 0 | 4 |
_a813.6 _222 |
| 100 | 1 | _aMcDonald, Megan | |
| 245 | 1 | 0 |
_aJudy Moody saves the world! / _cMegan McDonald ; illustrated by Peter H. Reynolds. |
| 250 | _aFirst paperback edition in this format 2010 | ||
| 260 |
_aSomerville : _bCandlewick Press, _c2002 |
||
| 300 |
_a152 pages : _billustrations ; _c19 cm |
||
| 490 |
_aJudy Moody ; _vBook 3 |
||
| 505 | _aK | ||
| 520 | _aWhen Judy Moody gets serious about protecting the environment, her little brother Stink thinks she is overdoing it, but she manages to inspire her third grade class to undertake an award-winning, environment-saving project. | ||
| 521 |
_a570
_bLexile |
||
| 521 |
_aK
_bRaz-Plus |
||
| 650 | 0 |
_aMoody, Judy (Fictitious character) _vJuvenile fiction. |
|
| 650 | 0 |
_aMood (Psychology) _vJuvenile fiction. |
|
| 650 | 0 |
_aEnvironmental degradation _vJuvenile fiction. |
|
| 650 | 0 |
_aRecycling (Waste, etc.) _vJuvenile fiction. |
|
| 655 | 0 | _aChildren's stories. | |
| 700 | 1 |
_aReynolds, Peter H. _q(Peter Hamilton), _d1961- |
|
| 942 |
_2ddc _cBK _n0 |
||
| 999 |
_c1924 _d1924 |
||